00460 2200181 4500001002100000005001500021035002000036245005300056100001900109250000600128300003200134260002900166082001200195084001800207020000600225650003000231990001700261INLIS00000000000133620190911051042 a0010-09190000401 aBiografi Abu Bakar Ash-Shiddiq /cAchmad Sunarto0 aAchmad Sunarto a- a160 hlm. :bIlus. ;c21 cm. aSurabaya :bAulia,c2014 a297.648 a297.648 ACH b a- aSahabat Nabi Muhammad SAW a04676/H/2018